Prestressed Concrete / (Record no. 2918)
[ view plain ]
| 000 -LEADER | |
|---|---|
| fixed length control field | 00706nac a22001931u 4500 |
| 008 - FIXED-LENGTH DATA ELEMENTS--GENERAL INFORMATION | |
| fixed length control field | 100913t xxu||||| |||| 00| 0 eng d |
| 020 ## - INTERNATIONAL STANDARD BOOK NUMBER | |
| International Standard Book Number | 0074622099 |
| 082 ## - DEWEY DECIMAL CLASSIFICATION NUMBER | |
| Classification number | 625 |
| Item number | RAJ |
| 100 ## - MAIN ENTRY--PERSONAL NAME | |
| Personal name | Raju ,N.Krishna. |
| 9 (RLIN) | 18851 |
| 245 ## - TITLE STATEMENT | |
| Title | Prestressed Concrete / |
| Statement of responsibility, etc | N.Krishna Raju. |
| 250 ## - EDITION STATEMENT | |
| Edition statement | 3rd ed. |
| 260 ## - PUBLICATION, DISTRIBUTION, ETC. (IMPRINT) | |
| Place of publication, distribution, etc | New delhi:1995. |
| Name of publisher, distributor, etc | Tata McGraw-Hill , |
| Date of publication, distribution, etc | c1995. |
| 300 ## - PHYSICAL DESCRIPTION | |
| Extent | 797p. ; |
| Dimensions | 25cm. |
| 504 ## - BIBLIOGRAPHY, ETC. NOTE | |
| Bibliography, etc | Includes Index. |
| 650 ## - SUBJECT ADDED ENTRY--TOPICAL TERM | |
| Topical term or geographic name as entry element | prestressed concrete. |
| 9 (RLIN) | 18852 |
| 700 ## - ADDED ENTRY--PERSONAL NAME | |
| Personal name | Raju ,N.Krishna. |
| 9 (RLIN) | 18853 |
| 942 ## - ADDED ENTRY ELEMENTS (KOHA) | |
| Item type | Book - Borrowing |
| Call number prefix | 625 RAJ |
| Source of classification or shelving scheme | Dewey Decimal Classification |
| Withdrawn status | Item status | Source of classification or shelving scheme | Damaged status | Not for loan | Vendor | Home library | Current library | Shelving location | Date acquired | Source of acquisition | Total Checkouts | Total Renewals | Full call number | Barcode | Date last seen | Date last borrowed | Cost, replacement price | Koha item type |
|---|---|---|---|---|---|---|---|---|---|---|---|---|---|---|---|---|---|---|
| Dewey Decimal Classification | Central Library | Central Library | First floor | 07/03/2011 | 6 | 56 | 625 RAJ | 000001386 | 15/07/2025 | 15/04/2021 | 104.00 | Book - Borrowing |